Quel est ce Roi de France ? - Statistiques

Statistiques générales
  • Ce quiz a été pris 72 fois
  • Le résultat moyen est 7 sur 12
Statistiques - réponses
Par images Réponse % Correct
Louis X
91%
Henri IV
90%
Louis XIII
80%
François II
71%
Charles V
67%
Philippe VI
65%
Louis IX
64%
Charles VII
62%
Napoléon Ier
52%
Philippe Auguste
43%
Philippe le Bel
22%
Robert II
14%
Aucun quiz correspondant
Distribution des résultats
% des personnes avec chaque résultat
Percentile par nombre de réponses
Votre historique - résultats
Vous n’avez pas pris ce quiz